000
00237 a2200085 4500
020
_a
9789966195203
245
_a
The gallant academic: Essays in honour of HWO Okoth-Ogendo
260
_b
School of Law-Univeristy of Nairobi
_c
2017
942
_c
BK
999
_c
52613
_d
52613